| 000 | 00723nam a2200205Ia 4500 | ||
|---|---|---|---|
| 008 | 0000001999 it az 0000000000ita00 | ||
| 020 | _a2702205720 | ||
| 090 | _aPSP00 L15l | ||
| 100 | 1 | _aLambert, JeanClarence | |
| 245 | 1 | 0 |
_aLeopoldo Novoa _c/ JeanClarence Lambert ; traducción Rafael Rodríguez Vigouroux |
| 300 |
_a207 p. _c/ 30 cm. |
||
| 500 | _aCon el patronazgo del maestro venezolano Jesús Rafael Soto (q.e.p.d.) | ||
| 600 | 0 | 0 |
_a NOVOA, LEOPOLDO, 1919/ _xTRABAJOS PICTORICOS |
| 650 | 1 | 4 | _a PINTURA ESPAÑOLA |
| 650 | 1 | 4 | _xCATALOGOS |
| 650 | 1 | 4 | _aESCULTURA ESPAÑOLA |
| 650 | 1 | 4 | _aPINTORES ESPAÑOLES |
| 700 | 1 | _aRodríguez VigorouX, Rafael, tr. | |
| 999 |
_c476 _d476 |
||
| 260 |
_aParis : Cercle D ́Art _c1999 |
||